000
00353 a2200169 4500
001
72864
020
_a
8516011089
040
_c
Anchieta - Colégio São Paulo
100
_a
Pompéia, Raul
240
1
0
_a
O Ateneu
_l
por
245
1
0
_a
O Ateneu
300
_a
160
362
0
_a
1997
440
1
_a
Moderna
650
4
_a
Ficção brasileira
942
_c
BK
999
_c
72864
_d
72864